书目信息 |
| 题名: |
教你科学养兔与疾病防治
|
|
| 作者: | 马驰 , 谷正红 主编 | |
| 分册: | ||
| 出版信息: | 长春 吉林人民出版社 2005 |
|
| 页数: | 120页 | |
| 开本: | 21cm | |
| 丛书名: | 最新实用科技丛书 | |
| 单 册: | ||
| 中图分类: | S829.1 | |
| 科图分类: | ||
| 主题词: | 兔--饲养管理 , 兔 , 兔病--防治 , 兔病 | |
| 电子资源: | ||
| ISBN: | 7-206-03189-7 | |
| 000 | 00919oam2 2200313 45 | |
| 001 | 012006041501 | |
| 005 | 20070113093627.14 | |
| 010 | @a7-206-03189-7@dCNY12.80 | |
| 092 | @aCN@b489806 | |
| 100 | @a20060415d2005 em y0chiy0121 ea | |
| 101 | 0 | @achi |
| 102 | @aCN@b220000 | |
| 105 | @ay z 000yy | |
| 200 | 1 | @a教你科学养兔与疾病防治@9jiao ni ke xue yang tu yu ji bing fang zhi@f马驰,谷正红主编 |
| 205 | @a2版 | |
| 210 | @a长春@c吉林人民出版社@d2005 | |
| 215 | @a120页@d21cm | |
| 225 | 2 | @a最新实用科技丛书 |
| 330 | @a本书主要内容:市场调查;兔舌建筑及其设备;家兔的品种;家兔的繁殖;家兔的饲养管理等。 | |
| 461 | 0 | @12001 @a最新实用科技丛书 |
| 606 | 0 | @a兔@x饲养管理 |
| 606 | 0 | @a兔 |
| 606 | 0 | @a兔病@x防治 |
| 606 | 0 | @a兔病 |
| 690 | @aS829.1@v4 | |
| 701 | 0 | @a马驰@9ma chi@4主编 |
| 701 | 0 | @a谷正红@9gu zheng hong@4主编 |
| 801 | 0 | @aCN@bLZJBOOK@c20070113 |
| 905 | @a10447@dS829.1@e63=2 | |
| 教你科学养兔与疾病防治/马驰,谷正红主编.-2版.-长春:吉林人民出版社,2005 |
| 120页;21cm.-(最新实用科技丛书) |
| ISBN 7-206-03189-7:CNY12.80 |
| 本书主要内容:市场调查;兔舌建筑及其设备;家兔的品种;家兔的繁殖;家兔的饲养管理等。 |
| ● |
| 相关链接 |
|
|
|
|
正题名:教你科学养兔与疾病防治
索取号:S829.1/63=2
 
预约/预借
| 序号 | 登录号 | 条形码 | 馆藏地/架位号 | 状态 | 备注 |
| 1 | 0564385 | 205643856 | 第二样本阅览室/ [索取号:S829.1/63=2] | 在馆 | |
| 2 | 0564386 | 205643865 | 密集书库/ [索取号:S829.1/63=2] | 在馆 | |
| 3 | 0564387 | 205643874 | 密集书库/ [索取号:S829.1/63=2] | 在馆 | |
| 4 | 0564388 | 205643883 | 第三借阅区/ [索取号:S829.1/63=2] | 在馆 | |
| 5 | 0564389 | 205643892 | 密集书库/ [索取号:S829.1/63=2] | 在馆 | |
| 6 | 0564390 | 205643909 | 密集书库/ [索取号:S829.1/63=2] | 在馆 | |
| 7 | 0564391 | 205643918 | 第三借阅区/ [索取号:S829.1/63=2] | 在馆 | |
| 8 | 0564392 | 205643927 | 第三借阅区/ [索取号:S829.1/63=2] | 在馆 |